Southville International School and Colleges
Your cart is empty.
  • Cart
  • Lists
    Public lists Eva Luna New books Lux_list list_1
    Your lists Log in to create your own lists
  • Log in to your account
  • Your cookies
  • Search history
Southville International School and Colleges
  • Advanced search
  • Recent comments
  • Most popular
  • Libraries

Log in to your account

Log in with GOOGLE


If you do not have an external account, but do have a local account, you can still log in:

  1. Home
  2. MARC view: Operations research :
Normal view MARC view ISBD view

Operations research : (Record no. 15336)

[ view plain ]
MARC details
000 -LEADER
fixed length control field 00951cam a2200301 a 4500
001 - CONTROL NUMBER
control field 3999503
003 - CONTROL NUMBER IDENTIFIER
control field OSt
005 - DATE AND TIME OF LATEST TRANSACTION
control field 20140310182721.0
008 - FIXED-LENGTH DATA ELEMENTS--GENERAL INFORMATION
fixed length control field 961018s1997 njua b 001 0 eng
010 ## - LIBRARY OF CONGRESS CONTROL NUMBER
LC control number 96037160
020 ## - INTERNATIONAL STANDARD BOOK NUMBER
International Standard Book Number 9814009563
040 ## - CATALOGING SOURCE
Original cataloging agency DLC
Transcribing agency DLC
Modifying agency DLC
050 ## - LIBRARY OF CONGRESS CALL NUMBER
Classification number T 57.6
Item number .T13 1999
100 1# - MAIN ENTRY--PERSONAL NAME
Personal name Taha, Hamdy A.
245 10 - TITLE STATEMENT
Title Operations research :
Remainder of title an introduction /
Statement of responsibility, etc Hamdy A. Taha.
250 ## - EDITION STATEMENT
Edition statement 6th ed.
260 ## - PUBLICATION, DISTRIBUTION, ETC. (IMPRINT)
Place of publication, distribution, etc Upper Saddle River, N.J. :
Name of publisher, distributor, etc Prentice Hall,
Date of publication, distribution, etc c1997.
300 ## - PHYSICAL DESCRIPTION
Extent 916 p. :
Other physical details ill. ;
Dimensions 25 cm.
504 ## - BIBLIOGRAPHY, ETC. NOTE
Bibliography, etc Includes bibliographical references and index.
521 ## - TARGET AUDIENCE NOTE
Target audience note
650 #0 - SUBJECT ADDED ENTRY--TOPICAL TERM
Topical term or geographic name as entry element Operations research.
650 #0 - SUBJECT ADDED ENTRY--TOPICAL TERM
Topical term or geographic name as entry element Programming (Mathematics)
906 ## - LOCAL DATA ELEMENT F, LDF (RLIN)
a 7
b cbc
c orignew
d 1
e ocip
f 19
g y-gencatlg
942 ## - ADDED ENTRY ELEMENTS (KOHA)
Source of classification or shelving scheme Dewey Decimal Classification
Koha item type Books
Call number prefix Foreign
Holdings
Withdrawn status Lost status Source of classification or shelving scheme Damaged status Home library Current library Shelving location Date acquired Cost, normal purchase price Total Checkouts Full call number Barcode Date last seen Copy number Price effective from Koha item type Total Renewals Date checked out
    Library of Congress Classification   College Library College Library General Circulation Section 11/22/2010 395.00   T 57.6 .T13 1999 C1238 05/15/2018 1 10/10/2013 Books    
    Library of Congress Classification   College Library College Library General Circulation Section 12/03/2013   2 T 57.6 .T13 1999 C0012 05/15/2018 2 12/03/2013 Books 1 02/20/2018

Operations research :

APA

Taha H. A., . (1997). Operations research. Upper Saddle River, N.J: Prentice Hall.

Chicago

Taha Hamdy A, . 1997. Operations research. Upper Saddle River, N.J: Prentice Hall.

Harvard

Taha H. A., . (1997). Operations research. Upper Saddle River, N.J: Prentice Hall.

MLA

Taha Hamdy A, . Operations research. Upper Saddle River, N.J: Prentice Hall. 1997.

  • Place hold
  • Print
  • Cite
  • Add to your cart (remove)
  • Save record
    BIBTEX Dublin Core MARCXML MARC (non-Unicode/MARC-8) MARC (Unicode/UTF-8) MARC (Unicode/UTF-8, Standard) MODS (XML) RIS
  • More searches
    Search for this title in:
    Other Libraries (WorldCat) Other Databases (Google Scholar) Online Stores (Bookfinder.com) Open Library (openlibrary.org)

Exporting to Dublin Core...

SOUTHVILLE LIBRARY

Southville International School and Colleges Library

1281 Tropical Ave. Cor. Luxembourg St., BF Homes International, Las Pinas City

Tel. No. 8256374 / 252358 Loc. 117/146

Powered by Koha